The Lunatic and the Lords

Bibliographic Details
Main Author: Schneider, Richard D.
Format: eBook
Language:English
Published: Toronto: Irwin Law Inc., 2009
Subjects:
Online Access:Acceso restringido

MARC

LEADER 00000nam a22000007a 4500
005 20210812234340.0
007 cr|||| |||
008 210812s2009 ca |||||s|||| 00||0 eng d
020 |a 9781552212486 
035 |a 34867 
040 |a vLex 
090 |c 11999  |d 11999 
100 1 |a Schneider, Richard D. 
245 1 3 |a The Lunatic and the Lords  |h [Recurso electrn̤ico] /  |c Richard D. Schneider 
256 |a Servicio en ln̕ea 
260 |a Toronto:  |b Irwin Law Inc.,  |c 2009 
300 |a 1 recurso electrn̤ico 
506 1 |a Disponible solo en los productos indicados  |d vLex Global  |d vLex Global (Academic Edition, excluding Law Schools)  |d vLex Global (U.S. Academic Edition, Law Schools)  |d vLex Global (U.S. Academic Edition, excluding Law Schools)  |d vLex Global (Academic Edition, Law Schools) 
650 0 4 |a Ciencias sociales  |z Canad̀ 
740 0 |a vLex Libros (Servicio en ln̕ea) 
856 4 0 |u https://app.vlex.com/#/sources/34867  |z Acceso restringido 
942 |c BOOK 
999 0 |a Social Sciences